000 00770nam a2200229Ii 4500
003 JO-AjNU
008 230605s9999||||xx |||||||||||||| ||und||
017 _a2011/6/2186
020 _a978-9957-70-497-1
040 _aJO-AjNU
_bara
_erda
_cJO-AjNU
041 _aara
050 1 4 _aP118 2012
100 3 _aشندول، محمد تأليف,
_eauthor
_943337
245 0 0 _aالتطور اللغوي في العربية الحديثة
250 _aط1
264 3 1 _aاربد:عالم الكتب الحديث للنشر والتوزيع,2012
300 _a497ص
336 _atext
_btxt
_2rdacontent
337 _aunmediated
_bn
_2rdamedia
338 _avolume
_bnc
_2rdacarrier
650 4 _aالتطور اللغوي في اللغة العربية-اللغة
_943338
999 _aA18624
_c22192
_d22192